Lentokone visa - Statistics

Yleistilastot
  • Tätä visaa on pelattu 113 kertaa
  • Keskiarvotulos 10 / 16
Vastaustilastot
Kuvavisa Vastaus % Oikein
airbus a380
97%
airbus a350
85%
airbus a340
78%
airbus a320
75%
airbus a330
73%
airbus a321
71%
atr 72
67%
boeing 747
66%
boeing 767
58%
boeing 777
58%
boeing 737
55%
boeing 757
53%
boeing 787
52%
airbus a319
51%
cessna 172
34%
airbus a220
30%
Ehtoja vastaavia visoja ei löytynyt
Tulosjakauma
Jokaisen tuloksen saaneiden osuus
Persentiili vastausten määrän mukaan
Tuloshistoriasi
Et ole pelannut tätä visaa